Orientujú sa na export Kovoslužba a.s. zamestnancov prepúšťať nebude

Bibliographic Details
Main Author: Pittnerová, Žaneta (Author)
Corporate Author: Kovoslužba (Košice, Slovensko) (Author)
Format: Article
Language:Slovak
Subjects:

MARC

LEADER 00000nab a2200000 a 4500
001 vtls000895451
003 SK-MaSNL
005 20260302175242.0
008 040720e19970724xo 0 slo
035 |a KE4482 
040 |a KEVKJB  |b slo  |c KEVKJB  |e AACR2 
041 0 |a slo 
044 |a xo  |c SK 
080 |a 672/673  |2 1981 
100 1 |a Pittnerová, Žaneta  |4 aut  |9 877619 
245 1 0 |a Orientujú sa na export  |b Kovoslužba a.s. zamestnancov prepúšťať nebude 
610 2 7 |a Kovoslužba (Košice, Slovensko)  |2 KEVKJB  |9 872814 
650 0 7 |a programy výrobné  |2 KEVKJB  |9 882782 
650 0 7 |a export výrobkov  |2 KEVKJB  |9 886233 
650 0 7 |a informácie  |2 KEVKJB  |9 1285 
651 7 |a Košice (Slovensko)  |2 KEVKJB  |9 18694 
651 7 |a KE,  |2 KEVKJB  |9 877256 
651 7 |a KE,  |2 KEVKJB  |9 877256 
655 7 |a periodikum  |2 snkbucl  |9 29553 
710 2 |a Kovoslužba (Košice, Slovensko)  |4 aut  |9 872814 
773 0 8 |t Košický večer  |g Roč. 8  |g Roč. 29, č.143, 24.7.1997, s. 3 
852 |a ZVYKNI  |b KIS3GCP 
999 |c 1406466  |d 1408396